000 00930nam0a22002891 4500
001 v19\rc\1653803
005 20061002132727.1
035 _a(NLR Aleph) 004764645
090 _a4599637
_c4599637
100 _a20061002d1887 |||y0rusy50 ca
101 0 _arus
102 _aRU
105 _aa z |||||
200 1 _aРуководство к изучению арифметических действий на счетах
_fСост. Виктором Марковским
210 _aКурск
_cтип. Губ. правл.
_d1887
215 _a35 с.
_cил.
_d20
309 _aБез тит. л.
700 1 _aМарковский
_bВ. П.
_gВиктор Павлович
_4220
801 0 _aRU
_bNLR
_gpsbo
801 0 _aRU
_bRuMoRGB
_2psbo
801 1 _aRU
_bProSoft-M
_2rusmarc
852 _aNLR
_j18.319.2.308
899 _aRuMoRGB
_jA 169/236
899 _aБАН
899 _aНБ СПбГУ
942 _cBOOK
980 _aNB